书目信息 |
| 题名: |
国际战略资源调查
|
|
| 作者: | ;中国现代国际关系研究院世界经济研究所 编 | |
| 分册: | ||
| 出版信息: | 北京 时事出版社 2005.08 |
|
| 页数: | [19], 299页 | |
| 开本: | 24cm | |
| 丛书名: | ||
| 单 册: | ||
| 中图分类: | X371 | |
| 科图分类: | ||
| 主题词: | 地球资源调查--di qiu zi yuan diao cha--世界 , 资源调查--zi yuan diao cha--世界 | |
| 电子资源: | ||
| ISBN: | 7-80009-892-3 | |
| 000 | 01086nam0 2200265 450 | |
| 001 | 012006921516 | |
| 005 | 20060912163701.14 | |
| 010 | @a7-80009-892-3@dCNY42.00 | |
| 100 | @a20060621d2005 km y0chiy0120 ea | |
| 101 | 0 | @achi |
| 102 | @aCN@b110000 | |
| 105 | @aa a 000yy | |
| 200 | 1 | @a国际战略资源调查@Aguo ji zhan lue zi yuan diao cha@f中国现代国际关系研究院世界经济研究所 [编]@Fzhong guo xian dai guo ji guan xi yan jiu yuan shi jie jing ji yan jiu suo[bian] |
| 210 | @a北京@c时事出版社@d2005.08 | |
| 215 | @a[19], 299页@c图@d24cm | |
| 312 | @a英文并列题名取自封面。 | |
| 320 | @a有书目。 | |
| 330 | @a本书是一本有关世界资源调查的著作, 内容包括: 能源, 石油, 有色金属及贵金属, 黑色金属, 粮食等。 | |
| 510 | 1 | @aGlobal strategic resources review@zeng |
| 606 | 0 | @a地球资源调查@Adi qiu zi yuan diao cha@y世界 |
| 606 | 0 | @a资源调查@Azi yuan diao cha@y世界 |
| 690 | @aX371@v4 | |
| 711 | 02 | @a中国现代国际关系研究院世界经济研究所@Azhong guo xian dai guo ji guan xi yan jiu yuan shi jie jing ji yan jiu suo@4编 |
| 801 | 0 | @aCN@bQSSK@c20060912 |
| 905 | @a10447@dX371@eX251 | |
| 国际战略资源调查/中国现代国际关系研究院世界经济研究所 [编].-北京:时事出版社,2005.08 |
| [19], 299页:图;24cm |
| ISBN 7-80009-892-3:CNY42.00 |
| 本书是一本有关世界资源调查的著作, 内容包括: 能源, 石油, 有色金属及贵金属, 黑色金属, 粮食等。 |
| ● |
| 相关链接 |
|
|
|
正题名:国际战略资源调查
索取号:X371/X251
 
预约/预借
| 序号 | 登录号 | 条形码 | 馆藏地/架位号 | 状态 | 备注 |
| 1 | 590268 | 205902683 | 自科库501/501自科库 67排2列3层/ [索取号:X371/X251] | 在馆 | |
| 2 | 590269 | 205902692 | 自科库501/501自科库 67排2列3层/ [索取号:X371/X251] | 在馆 | |
| 3 | 590270 | 205902709 | 自科库501/501自科库 67排2列3层/ [索取号:X371/X251] | 在馆 |